000
00319nam a2200133Ia 4500
008
240624s9999 xx 000 0 und d
041
_a
eng
082
_a
823 BON
100
_a
BOND RUSKIN
245
_a
ROOM ON THE ROOF
260
_c
1987
_a
New Delhi
_b
Penguin Books
300
_a
146 : p. : cm. ; 20
365
_c
RS
_b
30
999
_c
12556
_d
12556